000 01237nam a22003257a 4500
003 DO-SdBNP
005 20160707110720.0
008 160511b 2000 dr||||| |||| 00| 0 spa d
040 _aBPMSU
_bspa
_cBPMSU
092 _a373.7
_bT172m 4to. 2000
100 1 _aTapia de Destro, Leandra
245 _aMatemática 4to. :
_bsegundo ciclo, nivel medio /
_cLeandra Tapia de Destro ... [et al.]
260 _aSanto Domingo :
_bSecretaría de Educación
_c2000
300 _a230 p. :
_bil. : 28. 5 cm
505 _aI Semestre
_tUnidad I : Conservando la forma
505 _aII Semestre
_tUnidad I : Perfeccionando el conteo
505 _aII Semestre
_tUnidad II : Sucesiones y series
505 _tUnidad III : Modelando fenómenos aleatorios
505 _tUnidad IV : Modelando el movimiento
650 4 _aMATEMÁTICAS
_xEDUCACIÓN SECUNDARIA
650 4 _aMATEMÁTICAS
_xESTUDIOS Y EJERCICIOS
650 4 _aMATEMÁTICAS
_xLIBROS DE TEXTOS
650 4 _aMATEMÁTICAS
_xENSEÑANZA SECUNDARIA
650 4 _aEDUCACIÓN SECUNDARIA
_zREPÚBLICA DOMINICANA
700 1 2 _aTapia de Destro, Leandra
700 1 2 _aUreña, Omar
_eil.
910 _aValidado. Control de calidad MFF
942 _2ddc
_cBK
956 _adaysi garcia
999 _c10084
_d10084